000 00352nam a2200145Ia 4500
003 OSt
005 20240228145019.0
008 170524s9999 xx 000 0 und d
020 _a978-9385965050
040 _cIIMT UNIVERSITY
100 _aSharma RC
245 0 _aBusiness Correspondence & Report Writing
260 _aNew Delhi TMH
942 _2ddc
_c01
999 _c3039
_d3039